00608nam a2200205 a 450000100060000000300080000600500170001400800410003103500190007204000360009104100080012708200150013510000310015024500600018126000310024130000200027250400380029265000460033083000260037621694BD-RjUL20211209000722.0140305s1962 enk 001 0 eng u a(BD-RjUL)21759 aORLdOCLdBD-RjULbengcBD-RjUL aeng a850.9bWHS1 aWhitfield, John Humphreys.12aA short history of Italian literature /cJ.H. Whitfield aLondon :bCassell,c 1962. a299 p. ;c22cm. aIncludes Bibliography and index. 0aItalian literaturexHistory and criticism 0aBelle sauvage library